000 01043nam0a22002171 4500
001 rc\2949642
005 20250529233739.0
035 _a(NLR Aleph) 007097392
090 _a6635371
_c6635371
100 _a20110830d1939 |||y0rusy50 ca
101 0 _arus
102 _aRU
105 _aa z |||||
200 1 _aРуководство для предприятий, учреждений города Москвы по исчислению и удержанию подоходного налога и культсбора с рабочих, служащих и приравненных к ним лиц
_e(Извлечение из инструкций Наркомфина Союза ССР от 23 декабря 1938 г. № 709-241 и 719-242 ...)
_fДзержинский РАЙФО г. Москвы
210 _aМосква
_cБ. и.
_d[1939]
_gтип. газ. "Индустрия"
215 _a16 с.
_cтабл.
_d22 см
801 0 _aRU
_bNLR
_gpsbo
801 1 _aRU
_bELAR
_2rusmarc
852 _aNLR
_j39-11/1372
942 _cBOOK
980 _aNB